Open Data Biblioteca Nacional de Portugal


República Portuguesa: Ministério da Cultura
Biblioteca Nacional de Portugal

Catálogo da BNP: acesso por Identificadores Unívocos
Registos Bibliográficos associados ao registo de autoridade

Etiqueta de registo: 00254nam 2200025 450
001 2284025
003 http://id.bnportugal.gov.pt/bib/catbnp/2284025
100 ## $a20260410d2025 k y0pory01030103ba
101 0# $aeng$dpor
102 ## $aPT
105 ## $aa m 000yy
106 ## $ar
200 1# $a An education for their human rights$e the narratives of resistance, gender, and violence of young brasilian women in south Bahia$fSaskya Miranda Lopes$gsupervised by Maria Teresa Henriques da Cunha Martins, Maristela Gomes de Souza Guedes
210 #9 $aCoimbra$c[s.n.],$d2025
215 ## $a547 p.$cil.$d30 cm
328 #1 $aTese dout. Human Rights in Contemporary Societies, Universidade de Coimbra, 2025
675 ## $a37.03(81)(043)$vBN$zpor$31352590
675 ## $a342.7-055.2(81)(043)$vBN$zpor$31710158
700 #1 $aLopes,$bSaskya Miranda$31995272
702 #1 $aMartins,$bMaria Teresa Henriques da Cunha$4727$31915331
702 #1 $aGuedes,$bMaristela Gomes de Souza$4727$31995273
801 #0 $aPT$bBN$gRPC
966 ## $lBN$mFGMON$sS.C. 169159 V.$x1
971 ## $cisantos$d20260410
972 ## $e0$z0$d20260522$vlrevez
973 ## $cigoulao$d20260520

OpendataBNP@bnportugal.pt | Mais informação sobre acesso aos dados BNP